01018nam a2200241 u 450000100070000000500170000700800410002403500110006504000130007604100080008908000070009708200080010410000440011224501580015626000400031430000210035450501520037565000370052765000510056465000250061570000370064050000990067788651120260506152543.0040818s2004 ||||||m| spa  a886511 ccomduadb aspa aB/ 4a37010aEspinosa Betancurt, Luz Enith4auteaut10aEvaluación del impacto social de proyecto ciudadano implementado por Fundación Presencia y Smurfit Cartón de Colombia ejecutado durante el ano 2003 aArmenia :b[sin publicador],c2004. a96 h. + 1 CD ROM80tEvaluacion del impacto social de proyecto ciudadano implementado por Fundacion Presencia y Smurfit Carton de Colombia ejecutado durante el ano 2003 7aEvaluación de proyectos2embne aSmurfit Kappa Carton de Colombia de Medellín aProgramas educativos10aPuerta Zapata, Antonio4thseths aTesis (Especialista en Gerencia Social) Universidad de Antioquia - Título del grado otorgado